Statistics for Pokémon Tile Select

Click here to take the quiz!

General Stats

  • This quiz has been taken 13 times
  • The average score is 62 of 80

Answer Stats

QuestionTileSelect% Correct
Pokémon from Generaton 1.CottoneeNo
100%
Pokémon from Generaton 1.SolrockNo
100%
Pokémon from Generaton 1.SpinarakNo
100%
Pokémon from Generaton 1.UmbreonNo
100%
psychic type Pokémon.AbsolNo
92%
psychic type Pokémon.ClefableNo
92%
psychic type Pokémon.ComfeyNo
92%
Pokémon from Generaton 1.GolbatYes
92%
Pokémon from Generaton 1.HoothootNo
92%
legendary Pokémon. (not to be confused with mythical Pokémon)HydreigonNo
92%
legendary Pokémon. (not to be confused with mythical Pokémon)LatiosYes
92%
Pokémon from Generaton 1.PichuNo
92%
Pokémon from Generaton 1.VenonatYes
92%
Pokémon from Generaton 1.WeepinbellYes
92%
psychic type Pokémon.XatuYes
92%
legendary Pokémon. (not to be confused with mythical Pokémon)XerneasYes
92%
psychic type Pokémon.AegislashNo
85%
legendary Pokémon. (not to be confused with mythical Pokémon)CosmogYes
85%
final stage evolution Pokémon.GarchompYes
85%
final stage evolution Pokémon.GoodraYes
85%
psychic type Pokémon.HattremYes
85%
Pokémon from Generaton 1.KinglerYes
85%
legendary Pokémon. (not to be confused with mythical Pokémon)LugiaYes
85%
final stage evolution Pokémon.MagnezoneYes
85%
psychic type Pokémon.MeowsticYes
85%
psychic type Pokémon.MetagrossYes
85%
legendary Pokémon. (not to be confused with mythical Pokémon)SalamenceNo
85%
Pokémon from Generaton 1.StarmieYes
85%
psychic type Pokémon.UnownYes
85%
Pokémon from Generaton 1.WailordNo
85%
legendary Pokémon. (not to be confused with mythical Pokémon)ArcanineNo
77%
fish Pokémon.BuizelNo
77%
final stage evolution Pokémon.CarvanhaNo
77%
psychic type Pokémon.ChimechoYes
77%
Pokémon from Generaton 1.FlareonYes
77%
legendary Pokémon. (not to be confused with mythical Pokémon)GiratinaYes
77%
fish Pokémon.GoldeenYes
77%
final stage evolution Pokémon.JumpluffYes
77%
Pokémon from Generaton 1.KangaskhanYes
77%
fish Pokémon.MagikarpYes
77%
psychic type Pokémon.MedititeYes
77%
final stage evolution Pokémon.MeganiumYes
77%
legendary Pokémon. (not to be confused with mythical Pokémon)MewNo
77%
final stage evolution Pokémon.NincadaNo
77%
fish Pokémon.OddishNo
77%
psychic type Pokémon.PsyduckNo
77%
psychic type Pokémon.SableyeNo
77%
psychic type Pokémon.SlowbroYes
77%
Pokémon from Generaton 1.SlowkingNo
77%
final stage evolution Pokémon.StaraviaNo
77%
final stage evolution Pokémon.VivillonYes
77%
legendary Pokémon. (not to be confused with mythical Pokémon)VolcanionNo
77%
fish Pokémon.WishiwashiYes
77%
fish Pokémon.AlomomolaYes
69%
fish Pokémon.ArrokudaYes
69%
psychic type Pokémon.CelebiYes
69%
legendary Pokémon. (not to be confused with mythical Pokémon)CobalionYes
69%
final stage evolution Pokémon.DelphoxYes
69%
fish Pokémon.FeebasYes
69%
final stage evolution Pokémon.Hakamo-oNo
69%
legendary Pokémon. (not to be confused with mythical Pokémon)KeldeoNo
69%
fish Pokémon.LumineonYes
69%
Pokémon from Generaton 1.MagnetonYes
69%
legendary Pokémon. (not to be confused with mythical Pokémon)ManaphyNo
69%
fish Pokémon.MusharnaNo
69%
fish Pokémon.OshawottNo
69%
final stage evolution Pokémon.RoseliaNo
69%
final stage evolution Pokémon.ShiftryYes
69%
legendary Pokémon. (not to be confused with mythical Pokémon)UxieYes
69%
fish Pokémon.VanillishNo
69%
fish Pokémon.BruxishYes
62%
fish Pokémon.CorphishNo
62%
final stage evolution Pokémon.CroagunkNo
62%
fish Pokémon.FrillishNo
62%
final stage evolution Pokémon.KrokorokNo
62%
final stage evolution Pokémon.LeavannyYes
62%
psychic type Pokémon.OranguruYes
62%
legendary Pokémon. (not to be confused with mythical Pokémon)DarkraiNo
54%
fish Pokémon.StunfiskYes
54%
legendary Pokémon. (not to be confused with mythical Pokémon)SilvallyYes
23%

Score Distribution

Percentile by Number Answered

Percent of People with Each Score

Your Score History

You have not taken this quiz